| 000 | 00411 a2200169 4500 | ||
|---|---|---|---|
| 003 | Nust | ||
| 005 | 20170207153953.0 | ||
| 020 | _a0070706530 | ||
| 040 | _cNust | ||
| 082 | _a005.1068 | ||
| 100 | _aHughes, Bob | ||
| 245 |
_aSoftware project management _cBob Hughes and Mike Cotterell |
||
| 250 | _a5th ed. | ||
| 260 |
_aNew Delhi _bTata McGraw-Hill _c2010 |
||
| 300 | _axvii; 392 p. | ||
| 650 | _aProject management | ||
| 942 |
_2ddc _cBK |
||
| 999 |
_c190817 _d190817 |
||